000 00711nam a2200253 i 4500
001 bg
003 BPK
005 20200303102526.0
008 060216s2004 uk f |000 0 eng d
020 _a0521542758
040 _cBPK
041 0 _aeng
080 _a811.111'367
080 _a(075.8)
100 1 0 _aRadford, Andrew.
245 1 0 _aEnglish syntax :
_ban introduction /
_cAndrew Radford.
260 _aCambridge :
_bCambridge University Press,
_c2004.
300 _aXI, 384 s. ;
_c25 cm.
504 _aBibliogr.
650 4 _aJęzyk angielski
_xskładnia.
655 _aPodręczniki akademickie
710 2 _aCambridge University Press
_4pbl.
942 _cKS
_2UKD
999 _c51523
_d51523